000 00492nam a2200181Ia 4500
008 090123s9999 xx 000 0 und d
082 _b3810
_a891.463/पगारे
100 _aपगारे हरिभाऊ
245 _aझुंजार
250 _a1
260 _c1974
300 _a277
600 _aपगारे हरिभाऊ
630 _aझुंजार
700 _aपगारे हरिभाऊ
730 _aझुंजार
942 _cBOOK
999 _c41886
_d41886